El hombre y la ecosfera
Uloženo v:
| Médium: | Kniha |
|---|---|
| Jazyk: | španělština |
| Vydáno: |
Madrid
H. Blume
1975
|
| Edice: | Selecciones de Scientific American
|
| Témata: | |
| Tagy: |
Přidat tag
Žádné tagy, Buďte první, kdo vytvoří štítek k tomuto záznamu!
|
MARC
| LEADER | 00000nam a2200000 a 4500 | ||
|---|---|---|---|
| 001 | UCW0452 | ||
| 003 | CL-VaPUC | ||
| 005 | 20210325001703.0 | ||
| 008 | 891113e19750000SP |||||||||||||||||spa|d | ||
| 999 | |c 215612 |d 215610 | ||
| 020 | |a 847214598 | ||
| 040 | |c Pontificia Universidad Católica de Valparaíso | ||
| 082 | 0 | 4 | |a 304.2 ELH 1975 |2 21 |
| 245 | 1 | 3 | |a El hombre y la ecosfera |
| 260 | |a Madrid |b H. Blume |c 1975 | ||
| 300 | |a 341 páginas | ||
| 490 | 0 | |a Selecciones de Scientific American | |
| 583 | |a last modification |c 19891113 00:00:00 |k Rodrigo Vera | ||
| 650 | 7 | |a PROTECCION DEL MEDIO AMBIENTE |2 CL-VaPUC |9 262971 | |
| 650 | 7 | |a NATURALEZA |2 CL-VaPUC |9 261172 | |
| 650 | 0 | |a Ecología humana |9 263207 | |
| 942 | |c BK |2 ddc | ||
| 945 | |d 19891113 00:00:00 |a mfernand | ||
| 952 | |0 0 |1 0 |2 ddc |4 0 |6 304_200000000000000_ELH_1975 |7 0 |8 A |9 200066 |a BIBING |b BIBING |d 2019-11-14 |i 1666193 |o 304.2 ELH 1975 |p 1666193 |r 2025-01-20 |t 3 |w 2019-11-14 |y BK |k GEO | ||
| 952 | |0 0 |1 0 |2 ddc |4 0 |6 304_200000000000000_ELH_1975 |7 0 |8 A |9 200067 |a BIBCUR |b BIBCUR |c GEN |d 2019-11-14 |i 2845199 |o 304.2 ELH 1975 |p 2845199 |r 2025-04-22 |t 2 |w 2019-11-14 |y BK |k BIO | ||